000 00469nam a2200169Ia 4500
008 210716s2005 xx 000 0 und d
020 _a8178814773
041 _aeng
082 _a174.4 REDS
100 _aReddy, Sumati.
245 _aWorkplace ethics: perspectives and challenges.
_bPerspectives and challenges.
250 _a1
260 _aHyderabad
_bICFAI University Press
_c2005
300 _axiv,219
650 _aBusiness Ethics
700 _aReddy, Sumati.
999 _c202440
_d202440